LEADER 00935nam0-2200337---450- 001 990008773960403321 005 20111102123625.0 010 $a978-88-339-1945-4 035 $a000877396 035 $aFED01000877396 035 $a(Aleph)000877396FED01 035 $a000877396 100 $a20081205d2008----km-y0itay50------ba 101 0 $aita 102 $aIT 105 $aa-------001yy 200 1 $aClandestini$eanimali e piante senza permesso di soggiorno$fMarco Di Domenico 210 $aTorino$cBollati Boringhieri$d2008 215 $a204 p.$cill.$d19 cm 225 1 $aNuova cultura$iIntroduzioni 610 0 $aAnimali$aAdattamento 610 0 $aPiante$aAdattamento 676 $a578.4 700 1$aDi Domenico,$bMarco$0504204 801 0$aIT$bUNINA$gRICA$2UNIMARC 901 $aBK 912 $a990008773960403321 952 $aSAG-DID-1$b5551$fSC1 959 $aSC1 996 $aClandestini$9809923 997 $aUNINA LEADER 04561 am 2200865 n 450 001 9910495747803321 005 20240104030448.0 010 $a2-7574-1781-9 024 7 $a10.4000/books.septentrion.16811 035 $a(CKB)4100000000394075 035 $a(FrMaCLE)OB-septentrion-16811 035 $a(PPN)204523605 035 $a(EXLCZ)994100000000394075 100 $a20170907j|||||||| ||| 0 101 0 $afre 135 $auu||||||m|||| 200 01$a(Bé)vues du futur$eLes imaginaires visuels de la dystopie (1840-1940)$fClément Dessy, Valérie Stiénon 210 $aVilleneuve d'Ascq$cPresses universitaires du Septentrion$d2017 215 $a1 online resource (306 p.) 311 $a2-7574-0887-9 330 $aAujourd'hui inscrite au c?ur des cultures télévisuelle et adolescente, la dystopie possède une histoire riche pourtant méconnue. Cette forme d?expression qui mêle projection dans le futur et vision critique d?une société révèle les enjeux majeurs des époques qu?elle a traversées. Explorer ses caractéristiques visuelles sur un siècle, de 1840 à la Seconde Guerre mondiale, permet d?observer les lignes de forces d?un imaginaire central dans la littérature et les arts. L?imaginaire dystopique ne touche pas seulement à l?iconographie. Il concerne aussi les ressources textuelles de la description, la circulation transmédiatique des fictions et la définition même d?un univers souvent improprement qualifié par les étiquettes de fantastique et de science-fiction. Ce volume collectif abondamment illustré offre un aperçu chronologique empruntant ses approches à l?analyse de texte, à l?étude de l?image fixe ou animée, à la sociologie des auteurs et de l?édition, ainsi qu?à l?histoire des représentations. Il se centre sur les aires d?expression française, qui ont leurs propres spécificités, distinctes des réalisations anglo-saxonnes. Envisageant tant les ?uvres paralittéraires que celles d?avant-garde, il met à l?honneur une production foisonnante, encore peu étudiée : de Souvestre à Bartosch, sans oublier Henriot et Robida, de l?eschatologie biblique à la poétique des ruines de la ville moderne, en passant par l?archéologie rétrofuturiste et l?imaginaire des fourmis. Being nowadays at the coreof TV and young adult cultural practices, dystopia has a substantial but quite unknown history. Its narrative and generic framework that combines futuristic projection with critical vision of the society brings out the main issues from the various eras it went through. By exploring its visual features for over a century, between 1840 and WWII, this book intends to examine the guidelines of a pivotal literary and artistic imagery. 606 $aHumanities, Multidisciplinary 606 $adystopie 606 $acontre-utopie 606 $aanticipation 606 $afutur 606 $alittérature 606 $aroman 606 $aarts visuels 606 $acinéma 606 $aillustration 606 $aimaginaire 606 $areprésentation 606 $aapocalypse 606 $acatastrophe 606 $aruines 615 4$aHumanities, Multidisciplinary 615 4$adystopie 615 4$acontre-utopie 615 4$aanticipation 615 4$afutur 615 4$alittérature 615 4$aroman 615 4$aarts visuels 615 4$acinéma 615 4$aillustration 615 4$aimaginaire 615 4$areprésentation 615 4$aapocalypse 615 4$acatastrophe 615 4$aruines 700 $aBazin$b Laurent$0168352 701 $aChassay$b Jean-François$01307060 701 $aCytlak$b Katarzyna$01457099 701 $aDessy$b Clément$01454261 701 $aDoré$b Sandrine$01457100 701 $aDozo$b Björn-Olav$0934272 701 $aDutel$b Jérôme$01294960 701 $aFäcker$b Julie$01457101 701 $aFontaine$b Xavier$01457102 701 $aGardereau$b Thibault$01457103 701 $aGhuzel$b Olivier$01457104 701 $aKaenel$b Philippe$0623605 701 $aMuzzioli$b Francesco$0156770 701 $aStiénon$b Valérie$01302863 701 $aSylvos$b Françoise$01298504 701 $aTomasovic$b Dick$0773929 701 $aVas-Deyres$b Natacha$01289448 701 $aWarfa$b Dominique$01366390 701 $aWing$b Chapman$01457105 801 0$bFR-FrMaCLE 906 $aBOOK 912 $a9910495747803321 996 $aBé)vues du futur$93657826 997 $aUNINA